| Tag |
First Indicator |
Second Indicator |
Subfields |
| LEADER |
00000cgm a2200000 i 4500 |
| 001 |
in00005705921 |
| 005 |
20260318184406.3 |
| 008 |
220406s2011 miu054 e o vleng d |
| 006 |
m o c |
| 007 |
cr |n||||||a|| |
| 007 |
vz |za|z| |
| 040 |
|
|
|a ALSTP
|b eng
|e rda
|c ALSTP
|d OCLCF
|d OCLCQ
|d OCLCO
|d OCLCL
|d OCLCQ
|d OCLCL
|d OCLCO
|
| 035 |
|
|
|a (OCoLC)1336057527
|
| 082 |
0 |
4 |
|a 302.23/082
|q OCoLC
|2 23/eng/20230216
|1 https://id.oclc.org/worldcat/ddc/E3kydHMkb6TKVqpPQb6FR474DD
|
| 245 |
0 |
0 |
|a Miss representation /
|c InsideMedia @ the Paley Center for Media.
|
| 264 |
|
1 |
|a [Ann Arbor, Michigan] :
|b ProQuest,
|c 2011.
|
| 300 |
|
|
|a 1 online resource (54 minutes)
|
| 306 |
|
|
|a 005331
|
| 336 |
|
|
|a two-dimensional moving image
|b tdi
|2 rdacontent
|
| 337 |
|
|
|a computer
|b c
|2 rdamedia
|
| 337 |
|
|
|a video
|b v
|2 rdamedia
|
| 338 |
|
|
|a online resource
|b cr
|2 rdacarrier
|
| 347 |
|
|
|a video file
|2 rdaft
|
| 500 |
|
|
|a Title from resource description page (viewed April 06, 2022).
|
| 511 |
0 |
|
|a Jennifer Siebel Newsom, Christiane Amanpour, Nancy Hult Ganis, Terrie Williams, panelists ; Pat Mitchell, moderator.
|
| 518 |
|
|
|a Recorded October 14, 2011 at DocFest at the Paley Center for Media.
|
| 520 |
|
|
|a This seminar examines Miss Representation, a documentary focusing on the portrayal of women and girls in the media and its effects on social development and change. Pat Mitchell, president and CEO of The Paley Center for Media, moderates the following panelists: Jennifer Siebel Newsom, filmmaker; Christiane Amanpour, host of This Week with Christiane Amanpour; Nancy Hult Ganis, executive producer of Pan Am; and Terrie Williams, founder of the Terrie Williams Agency. The panelists touch on such topics as: Amanpour's "enraged" reaction to points made in the documentary; whether consumerism and advertising are the best methods of affecting change; the need to educate young people to become media literate; why Ganis decided to make Pan Am; and the demeaning of women in American culture, despite being the majority. Questions from the audience then lead to a discussion of the following topics among others: whether the documentary and its ideas blame the victims; Newsom's creation of the film while raising two children; and the need to avoid "male-bashing" in the search for universal respect.
|
| 546 |
|
|
|a In English.
|
| 650 |
|
0 |
|a Women in mass media.
|
| 650 |
|
0 |
|a Gender identity in mass media.
|
| 650 |
|
0 |
|a Documentary films
|x Production and direction
|z United States.
|
| 650 |
|
6 |
|a Femmes dans les médias.
|
| 650 |
|
6 |
|a Documentaires
|x Production et réalisation
|z États-Unis.
|
| 650 |
|
6 |
|a Identité de genre dans les médias.
|
| 650 |
|
7 |
|a Documentary films
|x Production and direction
|2 fast
|
| 650 |
|
7 |
|a Gender identity in mass media
|2 fast
|
| 650 |
|
7 |
|a Women in mass media
|2 fast
|
| 651 |
|
7 |
|a United States
|2 fast
|1 https://id.oclc.org/worldcat/entity/E39PBJtxgQXMWqmjMjjwXRHgrq
|
| 655 |
|
7 |
|a Nonfiction films
|2 fast
|
| 655 |
|
7 |
|a Panel discussions
|2 fast
|
| 655 |
|
7 |
|a Panel discussions.
|2 lcgft
|
| 655 |
|
7 |
|a Nonfiction films.
|2 lcgft
|
| 655 |
|
7 |
|a Panels.
|2 rvmgf
|
| 655 |
|
7 |
|a Films autres que de fiction.
|2 rvmgf
|
| 710 |
2 |
|
|a Inside Media (Firm),
|e production company.
|
| 710 |
2 |
|
|a Paley Center for Media,
|e host institution.
|1 https://id.oclc.org/worldcat/entity/E39QH7JmrBT9hVcyK8YFcjVGB6
|
| 758 |
|
|
|i has work:
|a Miss representation (MovingImage)
|1 https://id.oclc.org/worldcat/entity/E39PCG3kQhGkxKgdpJYvXkcRqP
|4 https://id.oclc.org/worldcat/ontology/hasWork
|
| 856 |
4 |
0 |
|u http://proxy.library.tamu.edu/login?url=https://video.alexanderstreet.com/p/XQ90Q0AQl
|z Connect to this streaming video (Alexander Street)
|t 0
|
| 938 |
|
|
|a Alexander Street
|b ALSP
|n ASP5199451/marc
|
| 936 |
|
|
|a BATCHLOAD
|
| 994 |
|
|
|a Z0
|b TXA
|
| 948 |
|
|
|h NO HOLDINGS IN TXA - 3 OTHER HOLDINGS
|
| 999 |
f |
f |
|i 3abca9d8-1965-4926-9299-d0de9188fc18
|s be1f2e78-823d-45c2-962f-18197425a893
|t 0
|
| 952 |
f |
f |
|a Texas A&M University
|b College Station
|c Electronic Resources
|s www_evans
|d Available Online
|t 0
|h Library of Congress classification
|
| 998 |
f |
f |
|t 0
|l Available Online
|